Risky business : (Record no. 3301)

MARC details
000 -LEADER
fixed length control field 02068cam a2200265 i 4500
008 - FIXED-LENGTH DATA ELEMENTS--GENERAL INFORMATION
fixed length control field 220311t20222022ctu b 001 0 eng d
020 ## - INTERNATIONAL STANDARD BOOK NUMBER
ISBN 9780300253436
020 ## - INTERNATIONAL STANDARD BOOK NUMBER
ISBN 0300253435
020 ## - INTERNATIONAL STANDARD BOOK NUMBER
ISBN 9780300274042
100 1# - MAIN ENTRY--AUTHOR
Author Einav, Liran,
245 10 - TITLE STATEMENT
Title Risky business :
Remainder of title why insurance markets fail and what to do about it /
Statement of responsibility, etc Liran Einav, Amy Finkelstein and Ray Fisman.
260 ## - PUBLICATION, DISTRIBUTION, ETC. (IMPRINT)
Place of publication Yale
Name of publisher Yale University Press
Date of publication 2022
300 ## - COLLATION
Pagination 271 pages ;
520 ## - SUMMARY, ETC.
Summary, etc "An engaging and accessible examination of what ails insurance markets--and what to do about it--by three leading economists. Why is dental insurance so crummy? Why is pet insurance so expensive? Why does your auto insurer ask for your credit score? The answer to these questions lies in understanding how insurance works. Unlike the market for other goods and services--for instance, a grocer who doesn't care who buys the store's broccoli or carrots--insurance providers are more careful in choosing their customers, because some are more expensive than others. Unraveling the mysteries of insurance markets, Liran Einav, Amy Finkelstein, and Ray Fisman explore such issues as why insurers want to know so much about us and whether we should let them obtain this information; why insurance entrepreneurs often fail (and some tricks that may help them succeed); and whether we'd be better off with government-mandated health insurance instead of letting businesses, customers, and markets decide who gets coverage and at what price. With insurance at the center of divisive debates about privacy, equity, and the appropriate role of government, this book offers clear explanations for some of the critical business and policy issues you've often wondered about, as well as for others you haven't yet considered.:--
650 #0 - TRACINGS
Main Subject Insurance
650 #0 - TRACINGS
Main Subject Insurance.
650 #0 - TRACINGS
Main Subject Insurance exchanges.
650 #7 - TRACINGS
Main Subject Insurance
650 #7 - TRACINGS
Main Subject Insurance exchanges
700 1# - ADDITIONAL AUTHOR
Additional Author Finkelstein, Amy,
700 1# - ADDITIONAL AUTHOR
Additional Author Fisman, Raymond,
942 ## - ADDED ENTRY ELEMENTS (KOHA)
Item type Books
050 00 - LIBRARY OF CONGRESS CALL NUMBER
Classification number HG8531
Item number .E363 2022
082 04 - DEWEY DECIMAL CLASSIFICATION NUMBER
Classification number 368/.973
Holdings
Source of classification or shelving scheme Not for loan Permanent location Current location Date acquired Accession No. Full call number Barcode. Koha item type
Library of Congress Classification   Samuel Ogbemudia Main Library, University of Abuja Samuel Ogbemudia Main Library, University of Abuja 05/05/2025 2024/63968 HG8531.E36 2025-1755 Books